000 nam a22 a 4500
999 _c390397
_d390397
003 BLK
005 20201021133702.0
008 180408b bul|||||r ||||||| ||bul||
010 _aKNG00047748000
040 _aBLK
041 _aRUS
_cRUS
080 _aСредновековна и нова обща история
_b94
_z94
100 _91299
_aВебер, Георг
_eпърви автор
139 _aВебер, Георг
245 1 0 _aВсеобщая история
_bТ. 1-
_cГеорг Вебер ; Пер. Андреев.
_nТ. 4
_pИстория Римской империи, переселение народов и возникновения новых государств
257 _aRUS
260 _bК. Т. Солдатенков
_c1886
_aМосква
_9218077
300 _c22 см
380 _a9
490 _9435080
_aКолекция Редки и ценни издания
650 7 _aДревен Рим
_9153772
659 _aЦ
760 1 _d1886
_h868 с.
_oТ. 4
_tИстория Римской империи, переселение народов и возникновения новых государств
852 _aРр 886
_bРц
856 4 _qpdf
942 _cKNG
_n0
_s1
944 _aCR
_c2020-10-21
_kВЙ
999 _d390397